Państwa oddalone od Rosji o dwie granice - Statystyki

Ogólne statystyki
  • Ten quiz został rozwiązany 3 257 razy
  • Średni wynik to 19 z 23
Statystyki odpowiedzi
Granice przez Państwo % Poprawnych
Polska Niemcy
97%
Polska, Ukraina Słowacja
93%
Polska Czechy
92%
Finlandia, Norwegia Szwecja
92%
Korea Północna Korea Południowa
89%
Chiny Indie
87%
Ukraina Rumunia
87%
Gruzja Turcja
84%
Azerbejdżan Iran
82%
Ukraina Mołdawia
82%
Chiny Tadżykistan
81%
Chiny Wietnam
81%
Azerbejdżan, Gruzja Armenia
80%
Chiny Nepal
80%
Chiny Pakistan
80%
Kazachstan Uzbekistan
80%
Chiny Afganistan
79%
Kazachstan, Chiny Kirgistan
79%
Kazachstan Turkmenistan
79%
Chiny Laos
77%
Chiny Bhutan
75%
Ukraina Węgry
75%
Chiny Mjanma
71%
Nie znaleziono quizów pasujących do podanych kryteriów
Rozkład punktacji
Procent ludzi z każdym wynikiem
Percentyl według liczby udzielonych odpowiedzi
Twoja historia wyników
Nie rozwiązałeś tego quizu